000 01602cam a22003254a 4500
001 15109408
003 NUST
005 20230914130008.0
008 071024s2007 ii ab b 001 0 eng
010 _a 2007375999
020 _c9788175965331
025 _aI-E-2007-375999; 49-92
035 _a(IN-NdUBS)UBS07002899
037 _bLibrary of Congress -- New Delhi Overseas Office
_cRs600.00
040 _aDLC
_cDLC
_dDLC
042 _alcode
043 _aa-ii---
050 0 0 _aQC990.I4
082 _a616.0954,DAS
100 1 _aDash, S. K.
_q(Sushil Kumar)
_92199
245 1 0 _aClimate change :
_ban Indian perspective /
_cS.K. Dash.
260 _aNew Delhi :
_bCambridge University Press, India [and] Centre for Envrionment Education, Ahmedabad,
_cc2007.
300 _axvi, 262 p. :
_bill, maps ;
_c23 cm.
490 0 _aEnvironment & development series
505 _aCalimate and some related gobal phenomena (Page-1), Radiation and greenhouse gases (Page-40), Gobal evidences of changes in climate and environment (Page-78), Evidences of changes in climate and environment changes in india (Page-94), Possible imapacts of climate change in india (Page-129), Clean technolgy energy (Page-148), Mitigation efforts by the government of India (Page-169), Issues of concern in some important sectors (Page-189), Uncertainties and possible approaches (Page-261),
650 0 _aClimatic changes
_zIndia.
_92200
710 2 _aCentre for Environment Education (Ahmadābād, India)
_92201
856 4 1 _3Table of contents
_uhttp://www.loc.gov/catdir/toc/fy0804/2007375999.html
942 _2ddc
_cBK
999 _c591867
_d591867